Policing the Void: Recreation, Social Inclusion and the Baltimore Police Athletic League
In this article, we explore the relationship between public recreation policy and planning and the transformation of urban governance in the context of the Police Athletic League centers in Baltimore, Maryland. In light of contemporary discussions of the role of youth programs for sport and physical...
| Authors: | ; |
|---|---|
| Format: | Electronic Article |
| Language: | English |
| Check availability: | HBZ Gateway |
| Interlibrary Loan: | Interlibrary Loan for the Fachinformationsdienste (Specialized Information Services in Germany) |
| Published: |
2017
|
| In: |
Social Inclusion
Year: 2017, Volume: 5, Issue: 2, Pages: 241-249 |
| Further subjects: | B
Urban
B social problems industry B Recreation B Police B Neoliberalism B Physical Activity B Sports |
| Online Access: |
Volltext (kostenfrei) Volltext (kostenfrei) |
MARC
| LEADER | 00000naa a22000002c 4500 | ||
|---|---|---|---|
| 001 | 1787929604 | ||
| 003 | DE-627 | ||
| 005 | 20220131162116.0 | ||
| 007 | cr uuu---uuuuu | ||
| 008 | 220131s2017 xx |||||o 00| ||eng c | ||
| 024 | 7 | |a 10.17645/si.v5i2.904 |2 doi | |
| 035 | |a (DE-627)1787929604 | ||
| 035 | |a (DE-599)KXP1787929604 | ||
| 040 | |a DE-627 |b ger |c DE-627 |e rda | ||
| 041 | |a eng | ||
| 084 | |a 0 |2 ssgn | ||
| 100 | 1 | |a Bustad, Jacob J. |e VerfasserIn |4 aut | |
| 245 | 1 | 0 | |a Policing the Void |b Recreation, Social Inclusion and the Baltimore Police Athletic League |
| 264 | 1 | |c 2017 | |
| 336 | |a Text |b txt |2 rdacontent | ||
| 337 | |a Computermedien |b c |2 rdamedia | ||
| 338 | |a Online-Ressource |b cr |2 rdacarrier | ||
| 520 | |a In this article, we explore the relationship between public recreation policy and planning and the transformation of urban governance in the context of the Police Athletic League centers in Baltimore, Maryland. In light of contemporary discussions of the role of youth programs for sport and physical activity within post-industrial cities, the origination, development, and eventual demise of Baltimore’s network of Police Activity League centers is an instructive, if disheartening, saga. It illustrates the social and political rationales mobilized in justifying recreation policy and programming, the framing of sport and physical activity as preventative measures towards crime and juvenile delinquency, and the precarity of such initiatives given the efficiency-driven orthodoxies of neoliberal urban entrepreneurialism (Harvey, 1989). This analysis emphasizes how the PAL centers were designed to ‘fill the void’ left by a declining system of public recreation, thereby providing an example of a recreation program as part of the "social problems industry" (Pitter & Andrews 1997). | ||
| 601 | |a Baltimore, Md. | ||
| 650 | 4 | |a Neoliberalism | |
| 650 | 4 | |a Physical Activity | |
| 650 | 4 | |a Police | |
| 650 | 4 | |a Recreation | |
| 650 | 4 | |a social problems industry | |
| 650 | 4 | |a Sport | |
| 650 | 4 | |a Urban | |
| 700 | 1 | |e VerfasserIn |0 (DE-588)1041256590 |0 (DE-627)766714764 |0 (DE-576)164103317 |4 aut |a Andrews, David L. |d 1962- | |
| 773 | 0 | 8 | |i Enthalten in |t Social Inclusion |d Lisbon : Cogitatio Press, 2013 |g 5(2017), 2, Seite 241-249 |h Online-Ressource |w (DE-627)791558738 |w (DE-600)2779362-X |w (DE-576)410285277 |x 2183-2803 |7 nnas |
| 773 | 1 | 8 | |g volume:5 |g year:2017 |g number:2 |g pages:241-249 |
| 856 | |u https://www.cogitatiopress.com/socialinclusion/article/download/904/904 |x unpaywall |z Vermutlich kostenfreier Zugang |h publisher [deprecated] | ||
| 856 | 4 | 0 | |u https://doi.org/10.17645/si.v5i2.904 |x Resolving-System |z kostenfrei |3 Volltext |7 0 |
| 856 | 4 | 0 | |u https://www.cogitatiopress.com/socialinclusion/article/view/904 |x Verlag |z kostenfrei |3 Volltext |7 0 |
| 951 | |a AR | ||
| ELC | |a 1 | ||
| LOK | |0 000 xxxxxcx a22 zn 4500 | ||
| LOK | |0 001 4048551132 | ||
| LOK | |0 003 DE-627 | ||
| LOK | |0 004 1787929604 | ||
| LOK | |0 005 20220131161614 | ||
| LOK | |0 008 220131||||||||||||||||ger||||||| | ||
| LOK | |0 040 |a DE-Tue135 |c DE-627 |d DE-Tue135 | ||
| LOK | |0 092 |o n | ||
| LOK | |0 852 |a DE-Tue135 | ||
| LOK | |0 852 1 |9 00 | ||
| LOK | |0 935 |a ixzs |a ixzo |a rwrk | ||
| LOK | |0 939 |a 31-01-22 |b l01 | ||
| OAS | |a 1 | ||
| ORI | |a SA-MARC-ixtheoa001.raw | ||
| REL | |a 1 | ||
| STA | 0 | 0 | |a Sports,Sports,Sport,Sports in literature |
| STB | 0 | 0 | |a Sport,Sport |
| STC | 0 | 0 | |a Deporte,Deporte,Deportes |
| STD | 0 | 0 | |a Sport,Sport |
| STE | 0 | 0 | |a 体育运动 |
| STF | 0 | 0 | |a 體育運動 |
| STG | 0 | 0 | |a Esporte,Esporte |
| STH | 0 | 0 | |a Спорт (мотив),Спорт |
| STI | 0 | 0 | |a Άθλημα <μοτίβο>,Άθλημα,Σπορ,Σπορ (μοτίβο) |
| SUB | |a REL | ||
| SYE | 0 | 0 | |a Körperertüchtigung,Leibesübungen,Athletik , Urban,Castagna, Giambattista,Castagna, Giovanni B.,Urbanus VI. Papa,Urbano VI. Papa,Urban VI. Papa,Urbanus II. Papa,Urban II. Papa,Urbanus,Urban,Guillaume,Urbanus Papa IV.,Urbanus IV. Papa,Urban IV.,Urbain,Barberinus, Mapheus,Urbanus VIII. Papa,Urbano VIII. Papa,Urban VIII. Papst,Urbain VIII. |



